000 00973cam a2200217 4500
001 WB3743-04
008 011114n2001 000 0 eng u
035 _a(Sirsi) u115593
245 _aNew Parts H, J, L1 and L2 published
260 _c2001
490 _aRICS Quantity Surveying and Construction Faculty News
_v31 October 2001, 1(1)
520 _aThe DTLR has published the 2002 editions of "Approved Document H: drainage disposal" "Approved Document J:combusion applicances an fuel storage systems" Approved document L1: conservation of fuel and power in dwellings" and "Approved document L2:conservation of fuel and power in buildings other than dwellings" on its website which come into force on 1 April 2002.
590 _aWB
650 _aBUILDING REGULATIONS 2001
650 _aAPPROVED DOCUMENT J
650 _aAPPROVED DOCUMENT L1
650 _aAPPROVED DOCUMENT L2
650 _aAPPROVED DOCUMENT H
690 _aBUILT ENVIRONMENT
942 _n0
999 _c68844
_d68844